<?xml version="1.0" encoding="UTF-8"?>
<record
    xmlns:xsi="http://www.w3.org/2001/XMLSchema-instance"
    xsi:schemaLocation="http://www.loc.gov/MARC21/slim http://www.loc.gov/standards/marcxml/schema/MARC21slim.xsd"
    xmlns="http://www.loc.gov/MARC21/slim">

  <leader>02665    a2200277   4500</leader>
  <controlfield tag="003">NALT</controlfield>
  <controlfield tag="005">20250818221629.0</controlfield>
  <controlfield tag="008">210119s2021    enk     ob    100 0 eng d</controlfield>
  <datafield tag="020" ind1=" " ind2=" ">
    <subfield code="a">9781849469067</subfield>
  </datafield>
  <datafield tag="040" ind1=" " ind2=" ">
    <subfield code="a">NALT</subfield>
  </datafield>
  <datafield tag="100" ind1="1" ind2=" ">
    <subfield code="a">Palmer, Matthew.</subfield>
    <subfield code="9">64436</subfield>
  </datafield>
  <datafield tag="245" ind1="1" ind2="0">
    <subfield code="a">Constitution of New Zealand :</subfield>
    <subfield code="b">a contextual analysis /</subfield>
    <subfield code="c">Matthew Palmer and Dean Knight.</subfield>
    <subfield code="h">[electronic resource]</subfield>
  </datafield>
  <datafield tag="260" ind1=" " ind2=" ">
    <subfield code="a">Oxford :</subfield>
    <subfield code="b">Hart Publishing,</subfield>
    <subfield code="c">2022.</subfield>
  </datafield>
  <datafield tag="300" ind1=" " ind2=" ">
    <subfield code="a">Online resource</subfield>
  </datafield>
  <datafield tag="505" ind1="0" ind2=" ">
    <subfield code="a">1. New Zealand Constitutionalism --
2. Aotearoa New Zealand --
3. Head of State and the Crown --
4. Democratic Government --
5. Executive --
6. Parliament --
7. Judiciary --
8. Accountability and Transparency --
9. Human Rights --
10. Te Tiriti o Waitangi --
11. Local and Global Governance --
12. Constitutional Futures.</subfield>
  </datafield>
  <datafield tag="520" ind1=" " ind2=" ">
    <subfield code="a">"This book examines New Zealand's constitution, through the lens of constitutional realism. It looks at the practices, habits, conventions and norms of constitutional life. It focuses on the structures, processes and culture that govern the exercise of public power - a perspective that is necessary to explore and account for a lived, rather than textual, constitution. New Zealand's constitution is unique. One of three remaining unwritten democratic constitutions in the world, it is characterised by a charming set of anachronistic contrasts. "Unwritten", but much found in various written sources. Built on a network of Westminster constitutional conventions but generously tailored to local conditions. Proudly independent, yet perhaps a purer Westminster model than its British parent. Flexible and vulnerable, while oddly enduring. It looks to the centralised authority that comes with a strong executive, strict parliamentary sovereignty, and a unitary state. However, its populace insists on egalitarian values and representative democracy, with elections fiercely conducted nowadays under a system of proportional representation. The interests of indigenous Maori are protected largely through democratic majority rule. A reputation for upholding the rule of law, yet few institutional safeguards to ensure compliance."</subfield>
  </datafield>
  <datafield tag="650" ind1=" " ind2="0">
    <subfield code="a">Constitutional &amp; administrative law</subfield>
    <subfield code="9">64429</subfield>
  </datafield>
  <datafield tag="650" ind1=" " ind2="0">
    <subfield code="a">Constitutional law</subfield>
    <subfield code="z">New Zealand.</subfield>
  </datafield>
  <datafield tag="650" ind1=" " ind2="0">
    <subfield code="a">Constitutions </subfield>
    <subfield code="z">New Zealand</subfield>
    <subfield code="9">50572</subfield>
  </datafield>
  <datafield tag="650" ind1=" " ind2="0">
    <subfield code="a">Constitutions </subfield>
    <subfield code="z">New Zealand</subfield>
    <subfield code="x">Analysis</subfield>
    <subfield code="9">65663</subfield>
  </datafield>
  <datafield tag="700" ind1="1" ind2=" ">
    <subfield code="a">Knight, Dean. </subfield>
    <subfield code="9">64437</subfield>
  </datafield>
  <datafield tag="856" ind1="4" ind2="0">
    <subfield code="u">https://doi.org/10.5040/9781849469067?locatt=label:secondary_bloomsburyCollections</subfield>
    <subfield code="z">E-Book</subfield>
  </datafield>
  <datafield tag="942" ind1=" " ind2=" ">
    <subfield code="c">EBK</subfield>
    <subfield code="2">lcc</subfield>
  </datafield>
  <datafield tag="996" ind1=" " ind2=" ">
    <subfield code="a">jamriang.p</subfield>
    <subfield code="b">CATSTF	</subfield>
    <subfield code="c">2024-07-25</subfield>
  </datafield>
  <datafield tag="999" ind1=" " ind2=" ">
    <subfield code="c">105388</subfield>
    <subfield code="d">105388</subfield>
  </datafield>
  <datafield tag="998" ind1=" " ind2=" ">
    <subfield code="j">25</subfield>
    <subfield code="k"> &#xE19;&#xE35;&#xE25;&#xE27;&#xE31;&#xE2A;&#xE19;&#xE4C; &#xE2D;&#xE34;&#xE19;&#xE17;&#xE23;&#xE31;&#xE01;&#xE29;&#xE32;</subfield>
  </datafield>
  <datafield tag="952" ind1=" " ind2=" ">
    <subfield code="0">0</subfield>
    <subfield code="1">0</subfield>
    <subfield code="2">lcc</subfield>
    <subfield code="4">0</subfield>
    <subfield code="7">0</subfield>
    <subfield code="8">CCON</subfield>
    <subfield code="a">NALT</subfield>
    <subfield code="b">NALT</subfield>
    <subfield code="c">ONLINE</subfield>
    <subfield code="d">2024-06-26</subfield>
    <subfield code="e">40</subfield>
    <subfield code="r">2024-06-26 00:00:00</subfield>
    <subfield code="y">EBK</subfield>
  </datafield>
</record>
